[Event "POL-chT 2nd League-3 2020"]
[Site "Poronin"]
[Date "2020.09.13"]
[Round "9.5"]
[White "Panek, Bartosz"]
[Black "Gosciniak, Tomasz"]
[Result "0-1"]
[WhiteElo "1979"]
[BlackElo "1928"]
[Annotator "NA RC"]
[PlyCount "76"]
[EventDate "2020.09.05"]
[EventType "team-tourn"]
[EventCountry "POL"]
[SourceTitle "playchess.com"]
[Source "ChessBase"]
[SourceQuality "1"]
[WhiteTeam "UKS Ognisko Rydultowy"]
[BlackTeam "GKSz Solny Grzybowo"]
[WhiteTeamCountry "POL"]
[BlackTeamCountry "POL"]
[TimeControl "40/5400+30:900+30"]

1. e4 {[%emt 0:00:00]} e6 {[%emt 0:00:00]} 2. d4 {[%emt 0:00:00]} d5 {[%emt 0:00:00]} 3. Nc3 {[%emt 0:00:00]} c6 {[%emt 0:00:59]} 4. e5 {[%emt 0:01:33]} b6 {[%emt 0:02:14]} 5. f4 {[%emt 0:00:36]} Ba6 {[%emt 0:00:19] [#]} 6. Bxa6 $146 {[%emt 0:03:29] B15: Caro-Kann: 3 Nc3: 3...g6 and 3...dxe4 4 Nxe4 Nf6 5 Nxf6+ exf6.} ({Predecessor:} 6. Nce2 Ne7 7. Nf3 Nf5 8. g3 c5 9. Bh3 Bxe2 10. Kxe2 Nxd4+ 11. Nxd4 cxd4 12. Qxd4 {0-1 (27) Acosta,D (1780)-Galant,S (2180) Broken Arrow 2004}) 6... Nxa6 {[%emt 0:00:09]} 7. Qe2 {[%emt 0:00:05]} Qc8 {[%emt 0:01:49]} 8. Nf3 {[%emt 0:00:41]} Ne7 {[%emt 0:01:03]} 9. O-O {[%emt 0:02:10]} h5 {[%emt 0:00:38]} 10. Nh4 {[%emt 0:04:48]} g6 {[%emt 0:03:01]} 11. b3 {[%emt 0:00:46]} Nf5 {[%emt 0:02:46]} 12. Nxf5 {[%emt 0:00:09]} exf5 {[%emt 0:00:10]} 13. Nxd5 {[%emt 0:03:39]} cxd5 {[%emt 0:02:38]} 14. Qb5+ {[%emt 0:00:07]} Ke7 {[%emt 0:00:15]} 15. Qxd5 {[%emt 0:15:59]} Nc7 {[%emt 0:06:22]} 16. Qf3 {[%emt 0:03:30]} Qd7 {[%emt 0:01:42]} 17. Bb2 {[%emt 0:01:17]} Qd5 {[%emt 0:09:02]} 18. Qg3 {[%emt 0:02:26]} b5 {[%emt 0:03:35]} 19. c4 $1 {[%emt 0:00:14]} Qb7 {[%emt 0:06:53]} 20. d5 {[%emt 0:45:47]} Ke8 {[%emt 0:01:42]} 21. Rad1 {[%emt 0:08:13]} Bc5+ {[%emt 0:03:31]} 22. Kh1 {[%emt 0:00:10]} Rg8 {[%emt 0:00:32]} 23. Rfe1 {[%emt 0:00:38]} Rd8 {[%emt 0:02:07]} 24. Bc3 {[%emt 0:01:12]} b4 {[%emt 0:02:34]} 25. Bb2 $11 {[%emt 0:00:08]} Kd7 {[%emt 0:06:49]} 26. e6+ {[%emt 0:00:48]} fxe6 {[%emt 0:01:03]} 27. Bf6 {[%emt 0:00:29]} Rde8 {[%emt 0:02:38]} 28. dxe6+ {[%emt 0:00:10]} Kc8 {[%emt 0:00:06]} 29. e7 {[%emt 0:00:47]} Qc6 {[%emt 0:05:25]} 30. Qh4 {[%emt 0:02:37]} Ne6 {[%emt 0:01:09]} 31. Rd5 {[%emt 0:00:46]} g5 {[%emt 0:02:05]} 32. fxg5 {[%emt 0:01:15]} Bxe7 {[%emt 0:00:17]} 33. Bxe7 {[%emt 0:01:17]} Rxe7 {[%emt 0:00:07]} 34. Qf2 {[%emt 0:00:35]} Rxg5 {[%emt 0:02:27]} 35. Ree5 {[%emt 0:00:08]} Rd7 {[%emt 0:02:10]} 36. Qe3 {[%emt 0:00:46]} Rxd5 {[%emt 0:03:06]} 37. cxd5 {[%emt 0:00:02]} Qc2 {[%emt 0:00:05]} 38. Qf3 {[%emt 0:01:11]} Qc1+ {[%emt 0:00:11]} 0-1

[Event "POL-chT 2nd League-3 2020"]
[Site "Poronin"]
[Date "2020.09.13"]
[Round "9.6"]
[White "Adamowicz, Katarzyna"]
[Black "Stebel, Agata"]
[Result "1-0"]
[WhiteElo "2104"]
[BlackElo "1871"]
[Annotator "TA"]
[PlyCount "63"]
[EventDate "2020.09.05"]
[EventType "team-tourn"]
[EventCountry "POL"]
[SourceTitle "playchess.com"]
[Source "ChessBase"]
[SourceQuality "1"]
[WhiteTeam "GKSz Solny Grzybowo"]
[BlackTeam "UKS Ognisko Rydultowy"]
[WhiteTeamCountry "POL"]
[BlackTeamCountry "POL"]

{[%evp 17,62,0,6,0,-9,-10,0,0,0,0,15,-21,0,0,30,22,35,28,45,36,52,39,32,16,389,65,52,56,61,31,27,32,41,26,109,113,108,74,188,181,369,367,679,668,29996,29997,29999]} 1. e4 e5 2. Nf3 Nf6 3. Nxe5 d6 4. Nf3 Nxe4 5. Nc3 Nxc3 6. dxc3 Be7 7. Bf4 O-O 8. Qd2 Nd7 9. O-O-O Nc5 10. h3 {C42: Petroff Defence: 3 Nxe5 and unusual White 3rd moves.} Re8 11. Bc4 Be6 12. Bxe6 {The position is equal.} Nxe6 13. Be3 Qd7 14. g4 Qa4 15. Kb1 {[#]} Nc5 $146 ({Predecessor:} 15... Rad8 16. g5 Qe4 17. Nd4 Nxd4 18. Bxd4 c5 19. Rhe1 Qf5 20. Be3 d5 21. h4 Bf8 {1-0 (75) Holeksa,Z (2225)-Snorek,M (2009) Czech Republic 2017}) 16. Nd4 Ne4 17. Qd3 d5 18. Nf5 c6 19. f3 Nd6 20. Bd4 f6 $2 {[%mdl 8192] [#]} (20... Nxf5 $11 21. gxf5 (21. Qxf5 Bf8 $11) 21... c5) 21. g5 $2 (21. Nxg7 $1 $18 {[%mdl 512]} Rf8 (21... Kxg7 22. g5) 22. Nf5 Nxf5 23. Qxf5) 21... Qc4 $1 $14 22. Nxe7+ Rxe7 23. gxf6 Qxd3 24. cxd3 gxf6 25. Bxf6 Re3 (25... Re6 $11 {remains equal.} 26. Bh4 Nf5 27. Rdg1+ Kf7) 26. Rhg1+ $16 Kf8 27. Bg7+ Kf7 (27... Ke7 $16) 28. Bd4 $18 Rxf3 $2 (28... Re2) 29. Rg7+ {[%mdl 64] Double Attack} Ke6 $2 (29... Kf8 30. Rd7 (30. Rxh7 Nf7 $18) 30... Nf5 31. Rxh7 Re8 32. Bxa7 Ng7) 30. Re1+ Kf5 31. Re5+ Kf4 32. Rg4# {Accuracy: White = 73%, Black = 39%.} 1-0

[Event "POL-chT 2nd League-3 2020"]
[Site "Poronin"]
[Date "2020.09.13"]
[Round "9.7"]
[White "Piesik, Piotr"]
[Black "Steczek, Marcin"]
[Result "1/2-1/2"]
[WhiteElo "2418"]
[BlackElo "2359"]
[Annotator "TA"]
[PlyCount "60"]
[EventDate "2020.09.05"]
[EventType "team-tourn"]
[EventCountry "POL"]
[SourceTitle "playchess.com"]
[Source "ChessBase"]
[SourceQuality "1"]
[WhiteTeam "KS AZS Politechniki Sl. Gliwice"]
[BlackTeam "TS-R HETMAN Konin"]
[BlackTeamCountry "POL"]

{[%evp 20,60,29,-1,80,28,39,7,0,4,11,2,13,6,19,9,8,0,43,36,76,65,207,222,225,171,171,174,161,164,149,125,125,87,125,99,104,102,102,95,97,89,97]} 1. d4 Nf6 2. c4 e6 3. Nc3 Bb4 4. f3 c5 5. d5 b5 6. e4 bxc4 7. Bxc4 exd5 8. Bxd5 Nxd5 9. Qxd5 Nc6 10. Nge2 Ba6 11. Be3 {is the legacy move (11.a3).} Ne7 {[#] E20: Nimzo-Indian: 4 g3 and 4 f3.} (11... O-O $11 {keeps the balance.}) 12. Qd1 $146 (12. Qd6 $16 Bxe2 13. Kxe2) ({Predecessor:} 12. Qd6 Bxe2 13. Kxe2 Qb6 14. Rhd1 Qxd6 15. Rxd6 Nc8 16. Rd3 Bxc3 17. Rxc3 d6 18. e5 dxe5 19. Bxc5 {1-0 (44) Kantorik,M (2289)-Pal,P (2254) Slovakia 2001}) 12... O-O 13. a3 (13. Qd6 {is more complex.} Bxe2 14. Kxe2 Nc8 15. Qd3 Nb6 16. Rhd1) 13... Bxe2 {The position is equal.} 14. Qxe2 Bxc3+ $1 15. bxc3 Qa5 16. O-O d5 17. Rad1 dxe4 18. Qc4 Ng6 19. fxe4 Rac8 20. Rf5 Qxa3 ({Better is} 20... Rc7 $14) 21. Bxc5 $18 Qb2 22. Qd5 Qxc3 {next ...Nf4 is good for Black.} 23. Bxf8 $40 {[%mdl 128] Black is in trouble.} Rxf8 24. Rdf1 {[%cal Rf5f7]} Qc7 25. e5 h6 {With the idea ...Ne7.White is better.} 26. Qe4 Qe7 27. h3 Qe6 28. Qd4 Ne7 29. R5f2 {Hoping for Qd6.} Ng6 30. Qxa7 Nxe5 {Accuracy: White = 68%, Black = 61%.} 1/2-1/2

[Event "POL-chT 2nd League-3 2020"]
[Site "Poronin"]
[Date "2020.09.13"]
[Round "9.8"]
[White "Smagalski, Slawomir"]
[Black "Wandzik, Wojciech"]
[Result "0-1"]
[WhiteElo "1940"]
[BlackElo "2422"]
[Annotator "TA"]
[PlyCount "74"]
[EventDate "2020.09.05"]
[EventType "team-tourn"]
[EventCountry "POL"]
[SourceTitle "playchess.com"]
[Source "ChessBase"]
[SourceQuality "1"]
[WhiteTeam "TS-R HETMAN Konin"]
[BlackTeam "KS AZS Politechniki Sl. Gliwice"]
[WhiteTeamCountry "POL"]

{[%evp 11,74,-10,11,-98,-70,-68,-37,-133,-104,-169,-172,-273,-245,-249,-246,-310,-303,-349,-354,-386,-381,-486,-474,-537,-367,-636,-435,-450,-447,-445,-427,-664,-661,-629,-649,-649,-662,-667,-658,-671,-655,-806,-805,-1006,-1041,-1041,-1022,-1401,-1388,-1548,-1510,-2578,-2360,-1729,-2081,-29989,-29983,-29965,-29968,-29989,-29981,-29965,-2699,-29983,-29982]} 1. Nf3 d5 2. c4 d4 3. g3 Nc6 4. d3 e5 5. Bg2 a5 6. O-O Nf6 7. e4 {A09: Réti Opening: 1 Nf3 d5 2 c4.} (7. e3 $11 {keeps the balance.}) 7... Be7 {[#]} 8. h3 $146 ({Predecessor:} 8. Na3 Bxa3 9. bxa3 O-O 10. Rb1 b6 11. h3 Nd7 12. Nh2 Rb8 13. f4 exf4 14. gxf4 Nc5 {0-1 (43) Geltz,N (1991)-Fluechter,G (2157) Osnabrueck 2018}) 8... Be6 9. Kh2 {White is on the road to losing.} (9. Ng5 $15) 9... h5 $17 10. Qa4 (10. Na3 $17) 10... Nd7 $19 11. Na3 (11. Ne1 {was worth a try.}) 11... g5 12. Qd1 g4 13. Ne1 h4 14. b3 Nf6 15. Nac2 Qd7 16. a3 O-O-O 17. b4 Rdg8 18. bxa5 $2 (18. b5 gxh3 19. Bf3) 18... gxh3 19. Bf3 Ng4+ 20. Bxg4 Bxg4 ({Not} 20... Rxg4 21. Nf3 $19) 21. Qd2 (21. Nf3 $142) 21... Bg5 22. Qxg5 Rxg5 23. Bxg5 Be2 24. Rg1 f5 25. Nb4 fxe4 26. Ra2 exd3 27. Nbxd3 Bxd3 28. Nxd3 Qf5 {[%mdl 64] [#] Double Attack} 29. Nc5 Qxg5 30. a6 bxa6 {[%mdl 64] Overworked Piece} 31. Nxa6 e4 32. Rb2 Rg8 33. Rb5 hxg3+ 34. Rxg3 {[#]} Qf4 $1 35. Kxh3 Rxg3+ 36. fxg3 Qf1+ {[%mdl 64] Double Attack} 37. Kh4 Qxc4 {Accuracy: White = 20%, Black = 77%.} 0-1

[Event "POL-chT 2nd League-3 2020"]
[Site "Poronin"]
[Date "2020.09.13"]
[Round "9.9"]
[White "Gola, Karol"]
[Black "Papka, Sebastian"]
[Result "1/2-1/2"]
[WhiteElo "2192"]
[BlackElo "2139"]
[Annotator "TA"]
[PlyCount "31"]
[EventDate "2020.09.05"]
[EventType "team-tourn"]
[EventCountry "POL"]
[SourceTitle "playchess.com"]
[Source "ChessBase"]
[SourceQuality "1"]
[WhiteTeam "KS AZS Politechniki Sl. Gliwice"]
[BlackTeam "TS-R HETMAN Konin"]
[BlackTeamCountry "POL"]

{[%evp 10,31,62,49,60,47,42,21,16,12,118,113,102,108,114,119,122,130,124,0,0,0,22,-22]} 1. e4 d5 2. exd5 Nf6 3. d4 Nxd5 4. Nf3 e6 5. c4 Nf6 6. Nc3 c5 {B01: Scandinavian Defence.} 7. Bf4 Bd6 {[#]} 8. Ne5 $146 ({Predecessor:} 8. Bxd6 Qxd6 9. Nb5 Qe7 10. dxc5 Qxc5 11. Be2 O-O 12. Qd6 Nbd7 13. O-O Rd8 14. Rfd1 Qxd6 15. Nxd6 {1-0 (44) Nicotera,A-Snokowski,M ICCF email 2011}) 8... Qa5 9. dxc5 Bxe5 (9... Bxc5 $11 10. Be2 Ne4) 10. Bxe5 $16 Nbd7 11. Bd6 {Black must now prevent Qb1.} Nxc5 12. f3 {a3 is the strong threat.} Bd7 13. a3 {aiming for b4.} Na4 {[#]} 14. Qb3 (14. b4 $1 $16 {[%cal Rb4a5]} Nxc3 15. bxa5 Nxd1 16. Rxd1) 14... Nxc3 $11 15. bxc3 O-O-O 16. c5 {Accuracy: White = 76%, Black = 82%.} ({Much worse is} 16. Rb1 Bc6 $11) (16. Qb4 $5 {[%cal Rb4a5]} Qg5 17. Qc5+ (17. Rb1 Bc6 $15) 17... Qxc5 18. Bxc5 $11) 1/2-1/2

[Event "POL-chT 2nd League-3 2020"]
[Site "Poronin"]
[Date "2020.09.13"]
[Round "9.15"]
[White "Bartkowiak, Damian"]
[Black "Kowalec, Maciej"]
[Result "0-1"]
[WhiteElo "2088"]
[BlackElo "2092"]
[Annotator "TA"]
[PlyCount "118"]
[EventDate "2020.09.05"]
[EventType "team-tourn"]
[EventCountry "POL"]
[SourceTitle "playchess.com"]
[Source "ChessBase"]
[SourceQuality "1"]
[WhiteTeam "KS Korona Zakrzewo"]
[BlackTeam "MTSz Minsk Mazowiecki"]
[WhiteTeamCountry "POL"]

{[%evp 19,118,32,22,25,49,20,15,21,22,17,55,52,46,43,42,0,57,58,58,61,43,56,81,19,33,25,54,52,46,12,12,12,12,6,8,5,11,12,50,67,53,65,65,64,79,35,32,-43,-42,-47,-47,-195,-191,-179,-43,-649,-649,-649,-165,-270,-289,-461,-322,-249,0,-367,-186,-132,-98,-98,-87,-133,-121,-453,-302,-514,-435,-435,-435,-435,-181,-435,-435,-435,-417,-373,-365,-475,-464,-447,-391,-847,-840,-1499,-1491,-1447,-1318,-1139,-943,-685,-644]} 1. d4 d5 2. c4 e6 3. Nc3 Nf6 4. Nf3 Be7 5. g3 dxc4 6. Bg2 c5 7. Qa4+ Nbd7 8. O-O O-O 9. Qxc4 a6 10. dxc5 Bxc5 11. Qb3 {E02: Open Catalan: 5 Qa4+.} Qe7 12. Rd1 h6 13. Nd4 {[#] The position is equal.} Nb6 $146 ({Predecessor:} 13... Rb8 14. e3 Nb6 15. Qc2 Bd7 16. Nb3 Bb4 17. Bd2 Rfc8 18. Rac1 Na4 19. Qb1 Nxc3 20. Bxc3 Bxc3 21. Rxc3 Rxc3 22. bxc3 {½-½ (32) Petursson,M (2540)-Sulskis,S (2455) Moscow 1994}) 14. Qc2 Bxd4 15. Rxd4 e5 16. Rd1 Be6 17. Ne4 Nfd5 ({Black should try} 17... Rfc8 $11 18. Nxf6+ Qxf6) 18. Qc5 $1 $14 Rfd8 19. Qxe7 Nxe7 20. Be3 Nbd5 21. Bc5 (21. Nc5 $1 $16) 21... b6 $11 22. Ba3 f5 23. Nd6 e4 24. g4 {Hoping for gxf5.} g6 25. gxf5 gxf5 26. Bh3 Nf4 {[%cal Bd5f4,Bf4g6,Bg6e5][%mdl 32]} 27. Bf1 Ra7 28. e3 Nfg6 {[#]} 29. Nxf5 $1 {[%mdl 512]} Rxd1 (29... Bxf5 30. Rxd8+) 30. Nxe7+ Rxe7 31. Rxd1 Rg7 {Strongly threatening ...Nf8+.} 32. Rd8+ Kh7 33. Bd6 (33. Kh1 $14) 33... Ne5+ $1 $15 34. Kh1 Nf7 $1 {[%cal Rf7d8]} 35. Rb8 (35. Re8 $15 Bd7 36. Rb8 Nxd6 37. Rxb6) 35... Nxd6 $19 36. Rxb6 Bg4 ({Black should play} 36... Bc4 $19 37. Bg2 Rg6) 37. h3 $2 {[%mdl 8192]} (37. Bg2 $15 Rd7 38. Rxa6) 37... Bf3+ 38. Kh2 {[#]} Nf5 $2 (38... Nc4 $1 {[%mdl 512]} 39. Bxc4 Rg2+ {[%mdl 64] Double Attack} 40. Kh1 Rg6+ 41. Kh2 Rg2+ 42. Kh1 Rg6+ 43. Kh2 Rxb6) 39. Rf6 {[#]} (39. Rxa6 {was worth a try.} Nh4 40. Ra5) 39... Nh4 $1 40. Rxa6 (40. Rf4 $142 Ng2 41. Rf6) 40... Bd1 41. Kh1 Bf3+ (41... Bc2 $142 {aiming for ...Bd3!} 42. Rc6 Bd3) 42. Kh2 Bh5 (42... Bg2 $142 {( -> ...Nf3#)} 43. Bxg2 Rxg2+ {[%mdl 64] Double Attack} 44. Kh1 Rxf2) 43. Kh1 Rd7 {Threatens to win with ...Rd1.} 44. Kh2 Rd2 45. Bc4 {[#]} Nf5 $1 {...Bf3 is the strong threat.} 46. Rf6 $2 {[%mdl 8192]} (46. Be6 $17 Nxe3 47. Kg3 Nf1+ 48. Kf4) 46... Nxe3 47. Bb3 $2 (47. Ba6) 47... Bf3 48. Kg1 Nd1 49. Bxd1 Rxd1+ {[%mdl 4096] Endgame KRB-KR} (49... Bxd1 $2 50. Rb6 $19) 50. Kh2 Rd2 $1 {[%csl LRb2,LRf2]} 51. Kg3 Rxb2 52. Ra6 h5 53. h4 Rb1 54. a4 Rg1+ 55. Kh3 $2 (55. Kf4 Rg4+ 56. Ke3) 55... Rg2 {Black is clearly winning.} 56. Rb6 Rxf2 57. Kg3 Ra2 58. Rb4 Kg6 59. Kf4 Kf6 {Accuracy: White = 45%, Black = 71%.} 0-1

[Event "POL-chT 2nd League-3 2020"]
[Site "Poronin"]
[Date "2020.09.13"]
[Round "9.16"]
[White "Suliborski, Jakub"]
[Black "Olejarczyk, Wojciech"]
[Result "1-0"]
[WhiteElo "2114"]
[BlackElo "1829"]
[Annotator "TA"]
[PlyCount "58"]
[EventDate "2020.09.05"]
[EventType "team-tourn"]
[EventCountry "POL"]
[SourceTitle "playchess.com"]
[Source "ChessBase"]
[SourceQuality "1"]
[WhiteTeam "MTSz Minsk Mazowiecki"]
[BlackTeam "KS Korona Zakrzewo"]
[BlackTeamCountry "POL"]

{[%evp 17,58,78,77,50,35,52,63,74,81,62,64,37,81,74,102,97,139,64,241,238,237,239,743,732,956,946,1526,1052,1593,968,1428,1383,1497,1456,1884,1309,1185,1156,29987,29986,29989,29986,29978]} 1. e4 c5 2. Nf3 d6 3. d4 cxd4 4. Nxd4 Nf6 5. Nc3 g6 6. Be3 Bg7 7. f3 Nc6 8. Qd2 Bd7 9. O-O-O Rc8 10. Bh6 {B75: Sicilian Dragon: Yugoslav Attack, Miscellaneous.} Bxh6 11. Qxh6 Qa5 12. Nb3 {[#] White is slightly better.} Qc7 $146 ({Predecessor:} 12... Qh5 13. Qd2 Ne5 14. h4 Ng8 15. Kb1 Qh6 16. Nd5 Qxd2 17. Rxd2 Bc6 18. f4 Ng4 {0-1 (91) Vitkevicius,J-Adomavicius,A Panevezys 2007}) 13. Rd2 a6 14. f4 Be6 15. Kb1 $40 {[%mdl 128] White goes for the king.} b5 16. Bd3 Na5 17. f5 ({White should play} 17. Re1 $16) 17... Bc4 $2 {[#] This move loses the game for Black.} (17... Bxb3 $14 18. axb3 (18. cxb3 Nc6 $16) 18... Nc6) 18. fxg6 $1 $18 fxg6 {[#]} 19. e5 $1 {[%cal Re5f6][%mdl 512]} Bxd3 $2 (19... dxe5 20. Bxg6+ hxg6 21. Qxh8+ Kf7) 20. exf6 ({Inferior is} 20. cxd3 Nxb3 21. axb3 dxe5 $11) ({Less strong is} 20. Rxd3 dxe5 21. Nxa5 Qxa5 $11) 20... Bf5 21. Nxa5 exf6 22. Nb3 b4 23. Re2+ Kf7 24. Nd5 {[%mdl 64] Double Attack} Bxc2+ {[#]} 25. Ka1 $1 {Rhe1 would kill now.} Qd7 26. Re7+ {[%mdl 64] Overworked Piece} Qxe7 27. Nxe7 Kxe7 28. Qg7+ Ke6 29. Nd4+ Kd5 {Accuracy: White = 55%, Black = 25%.} 1-0

[Event "POL-chT 2nd League-3 2020"]
[Site "Poronin"]
[Date "2020.09.13"]
[Round "9.18"]
[White "Lapa, Aleksandra"]
[Black "Sikorska, Dorota"]
[Result "0-1"]
[WhiteElo "1627"]
[BlackElo "1951"]
[Annotator "TA"]
[PlyCount "72"]
[EventDate "2020.09.05"]
[EventType "team-tourn"]
[EventCountry "POL"]
[SourceTitle "playchess.com"]
[Source "ChessBase"]
[SourceQuality "1"]
[WhiteTeam "MTSz Minsk Mazowiecki"]
[BlackTeam "KS Korona Zakrzewo"]
[WhiteTeamCountry "POL"]
[BlackTeamCountry "POL"]

{[%evp 11,72,16,39,27,12,7,0,20,15,0,0,-9,-25,-57,-57,-106,-58,-172,-185,-210,-120,-151,-130,-168,-177,-183,-191,-161,-158,-189,-165,-186,-174,-208,-26,-89,-8,-11,300,0,510,455,755,-353,-347,-468,-479,-1535,-1557,-1273,-725,-716,-714,-709,-694,-685,-654,-972,-983,-928,-921,-1263,-1140]} 1. d4 Nf6 2. Nf3 g6 3. Bf4 Bg7 4. Nc3 d6 5. e4 O-O 6. Qd2 Nbd7 7. e5 {B08: Pirc Defence: Classical System.} dxe5 8. dxe5 Nh5 9. O-O-O {aiming for Be3.The position is equal.} Nxf4 10. Qxf4 c6 {[#]} 11. Bc4 $146 ({Predecessor:} 11. e6 fxe6 12. Qc4 Qa5 13. Qxe6+ Kh8 14. Qxe7 Nb6 15. Rd8 Bf5 16. Rxa8 Rxa8 17. Kb1 {½-½ (50) Martinez Galiano,M (2039)-Fuhr,M (2136) ICCF email 2007}) 11... b5 12. Bb3 Qc7 $1 13. Rhe1 Nc5 14. g4 (14. Kb1 $15) 14... a5 $1 $19 15. a4 Nxb3+ ({Black should try} 15... bxa4 $19 16. Nxa4 Nxb3+ 17. cxb3 Rb8) 16. cxb3 $17 Rb8 17. h4 bxa4 18. bxa4 Rb4 19. Re4 Qb6 20. Rxb4 axb4 21. Ne4 Be6 $40 {[%mdl 128] Black has strong attack.} 22. h5 Ra8 $2 (22... Qa7 $19 23. Rd3 (23. h6 $2 Qxa4 24. Nd4 Rd8 $19) 23... Qxa4) 23. hxg6 (23. Nfg5 $1 $11 Ba2 24. Rd3) 23... hxg6 (23... fxg6 $17 24. Nfg5 Ba2) 24. Nfg5 $11 Bb3 $2 {[%mdl 8192]} (24... c5 $11 {and Black is okay.} 25. Kb1 Rxa4 26. Nxe6 Qxe6 27. Rd8+ Bf8) 25. Rd3 $2 (25. Qf3 $1 $18 {[%cal Rf3b3]} Bd5 26. Rxd5 $1 {[%mdl 576] Remove Defender} cxd5 27. Qxf7+ {[%mdl 64] Double Attack} Kh8 28. Ne6) 25... Bc4 $2 {[%mdl 8192] [#]} (25... Qa6 $1 $11 26. Rxb3 Qc4+ 27. Rc3 Qf1+ 28. Kc2 Qe2+ 29. Kb1 bxc3 30. Qxf7+ {[%mdl 64] Double Attack} Kh8 $1 {[%mdl 512]} 31. Nxc3 Qd3+ 32. Ka2 Rb8) 26. b3 $1 $18 {[%cal Rb3c4]} Bd5 {[#]} (26... Bxd3 $142 27. Qxf7+ Kh8) 27. Rh3 $4 {[%mdl 8192]} (27. Rxd5 $1 $18 {[%mdl 512] was the only winning move.} cxd5 28. Qxf7+ Kh8 29. Ne6) 27... Qc7 $19 28. Qh2 {White threatens Rh8+! and mate.} Qxe5 {Black is clearly winning.} 29. f4 (29. Qxe5 $142 Bxe5 30. Nd2) 29... Qa1+ 30. Kd2 Qb2+ 31. Ke1 Qxh2 32. Rxh2 Bxb3 33. Nc5 Bc3+ 34. Kf1 Bc4+ 35. Kg2 Bd4 36. Nd7 Rxa4 {Accuracy: White = 40%, Black = 53%.} 0-1

[Event "POL-chT 2nd League-3 2020"]
[Site "Poronin"]
[Date "2020.09.13"]
[Round "9.20"]
[White "Pyda, Zbigniew"]
[Black "Lapaj, Mateusz"]
[Result "1/2-1/2"]
[WhiteElo "2293"]
[BlackElo "2235"]
[Annotator "TA"]
[PlyCount "56"]
[EventDate "2020.09.05"]
[EventType "team-tourn"]
[EventCountry "POL"]
[SourceTitle "playchess.com"]
[Source "ChessBase"]
[SourceQuality "1"]
[WhiteTeam "LKSz Lublin"]
[BlackTeam "MCKIS Jaworzno"]
[WhiteTeamCountry "POL"]

{[%evp 13,56,27,37,28,40,29,33,35,30,29,33,29,44,29,46,52,51,51,58,61,70,48,56,57,48,56,71,72,65,70,65,87,100,111,99,58,65,43,52,12,28,41,66,43,61]} 1. d4 Nf6 2. c4 g6 3. Nc3 Bg7 4. e4 d6 5. h3 O-O 6. Bg5 Nbd7 7. Bd3 c6 8. Nge2 {E71: King's Indian: 4 e4 d6 5 h3.} a6 9. a4 {[#]} Qa5 $146 ({Predecessor:} 9... Qe8 10. O-O e5 11. d5 cxd5 12. cxd5 Nc5 13. Bc2 a5 14. Qd2 Bd7 15. Ng3 b5 16. axb5 Bxb5 {1-0 (30) Dziuba,M (2535)-Bastian,M (2235) Deizisau 2009}) 10. Bd2 c5 11. O-O cxd4 12. Nxd4 Qc7 13. Be3 Ne5 14. b3 {[%cal Bb2b3,Bb3b4][%mdl 32]} Nxd3 15. Qxd3 Bd7 16. a5 Bc6 17. Nd5 Bxd5 18. exd5 Rfe8 19. b4 e6 20. dxe6 fxe6 21. Rac1 Qf7 22. Nf3 Rad8 23. Bb6 {Black must now prevent Ng5.} Rd7 24. Rfe1 {Threatens to win with Ng5.} h6 25. Re2 e5 {[#] Hoping for ...e4.} 26. Qe3 Rc8 27. Rec2 Qe6 28. Qe2 Nh5 {Accuracy: White = 88%, Black = 94%.} 1/2-1/2

[Event "POL-chT 2nd League-3 2020"]
[Site "Poronin"]
[Date "2020.09.13"]
[Round "9.21"]
[White "Garbowski, Jakub"]
[Black "Panas, Pawel"]
[Result "1/2-1/2"]
[WhiteElo "2139"]
[BlackElo "2159"]
[Annotator "TA"]
[PlyCount "53"]
[EventDate "2020.09.05"]
[EventType "team-tourn"]
[EventCountry "POL"]
[SourceTitle "playchess.com"]
[Source "ChessBase"]
[SourceQuality "1"]
[WhiteTeam "MCKIS Jaworzno"]
[BlackTeam "LKSz Lublin"]
[BlackTeamCountry "POL"]

{[%evp 14,53,46,34,41,41,41,29,17,28,33,24,23,26,45,33,34,0,62,35,34,37,47,0,0,0,8,0,23,0,103,95,130,127,188,188,184,177,175,187,168,154]} 1. e4 e6 2. d4 d5 3. Nd2 dxe4 4. Nxe4 Bd7 5. Nf3 Bc6 6. Bd3 Nd7 7. O-O Ngf6 8. Ng3 g6 {C10: French with 3 Nc3: Unusual Black 3rd moves and 3...dxe4.} 9. Qe2 Bg7 {[#]} 10. Bd2 $146 ({Predecessor:} 10. Ne5 Nxe5 11. dxe5 Nd7 12. f4 O-O 13. Be4 Bxe4 14. Nxe4 Qe7 15. Be3 Rfd8 16. Rad1 {½-½ (64) So,W (2815)-Carlsen,M (2832) chess.com INT 2017}) 10... Bxf3 {White has an edge.} 11. Qxf3 c6 12. c4 O-O 13. Bc3 Re8 14. Rfe1 Qc7 15. Bc2 Red8 ({Black should play} 15... b5 $11) 16. Rad1 b5 17. b3 a5 18. Ne4 Nxe4 19. Bxe4 Rac8 20. Bd2 bxc4 21. bxc4 Qa7 (21... Bxd4 $11 22. Bg5 f6) 22. Bg5 $16 f6 23. Bf4 $36 {[%mdl 2048] Black is under strong pressure.} Nf8 (23... e5 $16 {keeps fighting.}) 24. Bxc6 $18 {d5 is the strong threat.White is clearly better.} Rxd4 25. Be3 Rxd1 26. Rxd1 (26. Bxa7 $2 {leads to mate.} Rxe1#) 26... Qc7 {[#]} 27. Bb5 $1 {Accuracy: White = 82%, Black = 74%.} 1/2-1/2